| 000 | 00803cam a2200253 a 4500 | ||
|---|---|---|---|
| 001 | 1143024 | ||
| 005 | 20180814065052.0 | ||
| 008 | 950410s1995 ncu bf 001 0 eng | ||
| 010 | _a 95016775 | ||
| 020 | _a0822316617 (alk. paper) | ||
| 020 | _a0822316730 (pbk. : alk. paper | ||
| 040 |
_aDLC _cDLC _dDLC |
||
| 041 | _aeng | ||
| 043 | _an-us--- | ||
| 080 | _a378.12 DEN | ||
| 082 | 0 | 0 |
_a378.12 DEN _220 |
| 100 | _a25 | ||
| 101 | _aEDU | ||
| 245 | 0 | 4 |
_aThe academic's handbook / _cedited by A. Leigh DeNeef and Craufurd D. Goodwin. |
| 504 | _aIncludes bibliographical references (p. [341]-342) and index. | ||
| 906 |
_a7 _bcbc _corignew _d1 _eocip _f19 _gy-gencatlg |
||
| 942 |
_2ddc _cBK |
||
| 999 |
_c47116 _d47116 |
||